<?xml version="1.0" encoding="UTF-8"?><?xml-stylesheet type="text/xsl" href="static/style.xsl"?><OAI-PMH xmlns="http://www.openarchives.org/OAI/2.0/" xmlns:xsi="http://www.w3.org/2001/XMLSchema-instance" xsi:schemaLocation="http://www.openarchives.org/OAI/2.0/ http://www.openarchives.org/OAI/2.0/OAI-PMH.xsd"><responseDate>2026-04-27T12:29:52Z</responseDate><request verb="GetRecord" identifier="oai:uvadoc.uva.es:10324/29580" metadataPrefix="marc">https://uvadoc.uva.es/oai/request</request><GetRecord><record><header><identifier>oai:uvadoc.uva.es:10324/29580</identifier><datestamp>2021-07-06T08:12:28Z</datestamp><setSpec>com_10324_38</setSpec><setSpec>col_10324_852</setSpec></header><metadata><record xmlns="http://www.loc.gov/MARC21/slim" xmlns:doc="http://www.lyncode.com/xoai" xmlns:xsi="http://www.w3.org/2001/XMLSchema-instance" xmlns:dcterms="http://purl.org/dc/terms/" xsi:schemaLocation="http://www.loc.gov/MARC21/slim http://www.loc.gov/standards/marcxml/schema/MARC21slim.xsd">
<leader>00925njm 22002777a 4500</leader>
<datafield tag="042" ind1=" " ind2=" ">
<subfield code="a">dc</subfield>
</datafield>
<datafield tag="720" ind1=" " ind2=" ">
<subfield code="a">Gómez Martínez, Lara</subfield>
<subfield code="e">author</subfield>
</datafield>
<datafield tag="260" ind1=" " ind2=" ">
<subfield code="c">2017</subfield>
</datafield>
<datafield tag="520" ind1=" " ind2=" ">
<subfield code="a">En las últimas décadas se ha producido uno de los cambios más importantes que ha experimentado la economía española, la participación de las mujeres en el mercado laboral. La promulgación de la Constitución Española en 1978 fue el punto de arranque para superar las diferencias de género entre hombres y mujeres que venían existiendo desde tiempo atrás. Desde el inicio de los años ochenta se observó un crecimiento de la cantidad de mujeres que querían incorporarse al mercado laboral. Esa nueva situación transformó la propia realidad de las mujeres, hombres y familias, suponiendo un hecho social de gran relevancia. El incremento de la población activa femenina supuso un cambio en la forma de vida o del rol de la mujer dentro de la estructura familiar: ésta ya no se dedicaría exclusivamente a la realización de las tareas del hogar, que se distribuirían de manera más equitativa con el hombre, sino que aportaría ingresos a la unidad familiar, situación que hace unas décadas hubiera sido impensable.&#xd;
&#xd;
Aun así, queda un largo camino que recorrer ya que las diferencias entre hombres y mujeres en el mercado laboral persisten, y no sólo a nivel nacional sino también en el ámbito europeo e internacional. Existe una mayor presencia femenina en categorías profesionales definidas con escasa cualificación, baja remuneración y menor prestigio social, siendo también el trabajo temporal y a tiempo parcial, los que más incidencia tienen en este colectivo.</subfield>
</datafield>
<datafield tag="024" ind2=" " ind1="8">
<subfield code="a">http://uvadoc.uva.es/handle/10324/29580</subfield>
</datafield>
<datafield ind1=" " ind2=" " tag="653">
<subfield code="a">Discriminación sexual en el empleo</subfield>
</datafield>
<datafield ind1=" " ind2=" " tag="653">
<subfield code="a">Mujeres-Trabajo</subfield>
</datafield>
<datafield ind1=" " ind2=" " tag="653">
<subfield code="a">Mujeres-Igualdad de oportunidades</subfield>
</datafield>
<datafield tag="245" ind1="0" ind2="0">
<subfield code="a">Desigualdad de género en el mercado laboral español</subfield>
</datafield>
</record></metadata></record></GetRecord></OAI-PMH>